[Event "Bogota Navidad op"]
[Site "Bogota"]
[Date "2024.12.07"]
[Round "6"]
[White "Velandia Jimenez, Johan Felipe"]
[Black "Estrella Becerra, Fernando"]
[Result "1/2-1/2"]
[WhiteElo "1703"]
[BlackElo "1869"]
[PlyCount "82"]
[EventDate "2024.12.04"]
[EventType "swiss"]
[EventRounds "9"]
[EventCountry "COL"]
[SourceTitle "CB50_2024"]
[SourceDate "2024.11.01"]
[SourceVersion "1"]
[SourceVersionDate "2024.11.01"]
[SourceQuality "2"]

1. Nf3 Nf6 2. g3 g6 3. c4 Bg7 4. Bg2 0-0 5. 0-0 d5 6. cxd5 Nxd5 7. e4 Nb6 8. d4 Bg4 9. Be3 Nc6 10. e5 Nd5 11. Nc3 e6 12. h3 Bxf3 13. Bxf3 Nce7 14. Nxd5 Nxd5 15. Qb3 Rb8 16. Rac1 c6 17. Bxd5 exd5 18. Kg2 Qd7 19. Qd3 f6 20. f4 fxe5 21. fxe5 Rxf1 22. Rxf1 Rf8 23. Rxf8+ Kxf8 24. Qa3+ Kf7 25. Qxa7 Ke6 26. Qc5 Qe7 27. b4 Qxc5 28. bxc5 h6 29. g4 Bf8 30. h4 Be7 31. Kg3 h5 32. Bg5 Bf8 33. Bf6 hxg4 34. Kxg4 Bh6 35. Bg5 Bf8 36. h5 gxh5+ 37. Kxh5 Bxc5 38. dxc5 Kxe5 39. Kg4 Kd4 40. Be7 Kc4 41. Kf3 Kb5 1/2-1/2

[Event "Bogota Distrito Capital op-B"]
[Site "Bogota"]
[Date "2024.09.22"]
[Round "7"]
[White "Velandia Jimenez, Johan Felipe"]
[Black "Conti, Julian"]
[Result "1-0"]
[WhiteElo "1603"]
[BlackElo "1907"]
[PlyCount "98"]
[EventDate "2024.09.19"]
[EventType "swiss"]
[EventRounds "7"]
[EventCountry "COL"]
[SourceTitle "EXT 2025"]
[Source "ChessBase"]
[SourceDate "2024.10.14"]
[SourceVersion "1"]
[SourceVersionDate "2024.10.14"]
[SourceQuality "1"]

1. d4 Nf6 2. c4 g6 3. Nf3 Bg7 4. g3 0-0 5. Bg2 c5 6. e3 d6 7. 0-0 Nc6 8. b3 Qc7 9. Bb2 e5 10. Nc3 a6 11. Nd5 Nxd5 12. cxd5 Nb8 13. dxe5 Nd7 14. exd6 Qxd6 15. Bxg7 Kxg7 16. Nd2 Re8 17. Ne4 Qe7 18. Rc1 Rb8 19. Nxc5 Nxc5 20. Qd4+ Qe5 21. Qxe5+ Rxe5 22. Rxc5 Bd7 23. Rfc1 Kf8 24. e4 g5 25. d6 Rbe8 26. f4 gxf4 27. gxf4 Rxe4 28. Bxe4 Rxe4 29. Rc8+ Kg7 30. R8c7 Bc6 31. R7xc6 bxc6 32. Rxc6 a5 33. Ra6 Rxf4 34. Rxa5 Rd4 35. b4 Rxb4 36. Rd5 Rb8 37. d7 Rd8 38. a4 Kf6 39. Kf2 Ke6 40. Rd2 Rxd7 41. Rxd7 Kxd7 42. Kf3 Kc6 43. Kf4 Kb6 44. Kf5 Ka5 45. Kf6 Kxa4 46. Kxf7 Kb5 47. h4 h5 48. Kg6 Kc6 49. Kxh5 Kd5 1-0

[Event "Bogota Distrito Capital op-B"]
[Site "Bogota"]
[Date "2024.09.20"]
[Round "3"]
[White "Moreno Mora, Jaime Alberto"]
[Black "Velandia Jimenez, Johan Felipe"]
[Result "0-1"]
[WhiteElo "1910"]
[BlackElo "1603"]
[PlyCount "60"]
[EventDate "2024.09.19"]
[EventType "swiss"]
[EventRounds "7"]
[EventCountry "COL"]
[SourceTitle "EXT 2025"]
[Source "ChessBase"]
[SourceDate "2024.10.14"]
[SourceVersion "1"]
[SourceVersionDate "2024.10.14"]
[SourceQuality "1"]

1. d4 c5 2. d5 Nf6 3. c4 b5 4. cxb5 a6 5. b6 Qxb6 6. Nc3 g6 7. e4 d6 8. Bd3 Bg7 9. Nge2 0-0 10. 0-0 Bb7 11. h3 Nbd7 12. Be3 Qc7 13. f4 e6 14. dxe6 fxe6 15. Rc1 Rac8 16. Ng3 d5 17. e5 d4 18. exf6 Bxf6 19. Nce4 dxe3 20. Bc4 Bd4 21. Bxe6+ Kh8 22. Kh1 Nf6 23. Bxc8 Qxc8 24. Qxd4 cxd4 25. Rxc8 Bxc8 26. Nd6 d3 27. Re1 d2 28. Rd1 Ng4 29. Nde4 Rxf4 30. Kg1 Rxe4 0-1

[Event "Bogota Distrito Capital op-B"]
[Site "Bogota"]
[Date "2024.09.20"]
[Round "2"]
[White "Velandia Jimenez, Johan Felipe"]
[Black "Cifuentes Camacho, Miguel Angel"]
[Result "1/2-1/2"]
[WhiteElo "1603"]
[BlackElo "1983"]
[PlyCount "75"]
[EventDate "2024.09.19"]
[EventType "swiss"]
[EventRounds "7"]
[EventCountry "COL"]
[SourceTitle "EXT 2025"]
[Source "ChessBase"]
[SourceDate "2024.10.14"]
[SourceVersion "1"]
[SourceVersionDate "2024.10.14"]
[SourceQuality "1"]

1. d4 d5 2. Nf3 Nf6 3. g3 c6 4. Bg2 Bf5 5. 0-0 h6 6. b3 e6 7. Ba3 Bxa3 8. Nxa3 Qa5 9. Qc1 Qc3 10. Qd2 Ne4 11. Qxc3 Nxc3 12. Rfe1 Nd7 13. Nd2 0-0-0 14. f3 Bg6 15. Ndb1 Nxb1 16. Raxb1 b5 17. Rbc1 Nb6 18. c4 b4 19. c5 Na8 20. Nc2 Bxc2 21. Rxc2 Nc7 22. e3 Nb5 23. Bf1 a6 24. Bxb5 axb5 25. Ra1 Kb7 26. a3 Ra8 27. Rca2 bxa3 28. Rxa3 Rxa3 29. Rxa3 f6 30. b4 e5 31. Kf2 Re8 32. g4 g6 33. Ra1 e4 34. f4 Rh8 35. h4 Rg8 36. Kg3 Rf8 37. Ra2 Rh8 38. Kh3 1/2-1/2